000 00455nam a2200145Ia 4500
008 100204s9999 xx 000 0 und d
082 _b11381
100 _aदिनानाथ मनोहर
245 _aआंदोलन
260 _b"ग्रंथाली वाचक चळवळ , मुंबई - कुर्ला"
_c1988
300 _a196
630 _aआंदोलन
730 _aआंदोलन
942 _cBOOK
999 _c455817
_d455814